|
|
|
|
| LEADER |
00000cam a2200000 4500 |
| 001 |
vtls012069010 |
| 003 |
SK-MaSNL |
| 005 |
20260301230610.0 |
| 008 |
210917s2021 xo o g 000 e slo |
| 015 |
|
|
|a SNBA2023/04
|
| 020 |
|
|
|a 9788097378998
|q (brožované)
|
| 040 |
|
|
|a SNK
|b slo
|c SNK
|e rda
|
| 041 |
0 |
|
|a slo
|
| 044 |
|
|
|a xo
|c SK
|
| 072 |
|
7 |
|a 27-5
|x Liturgia. Kresťanské umenie a symbolika. Duchovný život
|2 konspekt
|
| 080 |
|
|
|a 27-549-284
|2 2011
|
| 080 |
|
|
|a 272-543.2-549
|2 2001
|
| 080 |
|
|
|a 27-184
|2 2011
|
| 080 |
|
|
|a 2-587.7
|2 2011
|
| 080 |
|
|
|a 272-528
|2 2011
|
| 080 |
|
|
|a 27-583
|2 2011
|
| 080 |
|
|
|a 616-036.21
|2 2011
|
| 080 |
|
|
|a (0:82-4)
|2 2011
|
| 080 |
|
|
|a (0:82-97)
|2 2011
|
| 080 |
|
|
|a (0:82-84)
|2 2011
|
| 245 |
0 |
0 |
|a On medzi nami
|c zodpovedný redaktor: Jozef Kováčik
|
| 246 |
1 |
|
|i Podnázov v tiráži:
|a Pred eucharistickým Kristom
|
| 250 |
|
|
|a Prvé vydanie
|
| 264 |
|
1 |
|a Bratislava
|b TV LUX, s.r.o.
|c 2021
|
| 300 |
|
|
|a 143 strán
|b ilustrácie
|c 18 cm
|
| 336 |
|
|
|a text
|b txt
|2 rdacontent
|
| 337 |
|
|
|a bez média
|b n
|2 rdamedia
|
| 338 |
|
|
|a zväzok
|b nc
|2 rdacarrier
|
| 650 |
0 |
7 |
|a eucharistia
|2 SNKPH
|9 796
|
| 650 |
0 |
7 |
|a Boh a človek
|2 SNKPH
|9 1711
|
| 650 |
0 |
7 |
|a duchovné skúsenosti
|2 SNKPH
|9 222760
|
| 650 |
0 |
7 |
|a katolícka liturgia
|2 SNKPH
|9 1989
|
| 650 |
0 |
7 |
|a eucharistická adorácia
|2 SNKPH
|9 98224
|
| 650 |
0 |
7 |
|a rozjímanie
|2 SNKPH
|9 2010
|
| 650 |
0 |
7 |
|a pandémie
|2 SNKPH
|9 59320
|
| 650 |
0 |
7 |
|a Eucharist
|2 SNKPHeng
|9 303107
|
| 650 |
0 |
7 |
|a Eucharistic adoration
|2 SNKPHeng
|9 303106
|
| 650 |
0 |
7 |
|a Relations between God and man
|2 SNKPHeng
|9 303193
|
| 650 |
0 |
7 |
|a Spiritual experiences
|2 SNKPHeng
|9 134887
|
| 650 |
0 |
7 |
|a Catholic liturgy
|2 SNKPHeng
|9 268050
|
| 650 |
0 |
7 |
|a Contemplation
|2 SNKPHeng
|9 313680
|
| 650 |
0 |
7 |
|a Pandemics
|2 SNKPHeng
|9 311510
|
| 655 |
|
7 |
|a úvahy
|2 SNKPH
|9 29403
|
| 655 |
|
7 |
|a modlitby
|2 SNKPH
|9 70550
|
| 655 |
|
7 |
|a citáty
|2 SNKPH
|9 70419
|
| 655 |
|
7 |
|a Essays
|2 SNKPHeng
|9 267540
|
| 655 |
|
7 |
|a Prayers
|2 SNKPHeng
|9 291214
|
| 655 |
|
7 |
|a Quotations
|2 SNKPHeng
|9 302733
|
| 700 |
1 |
|
|a Kováčik, Jozef,
|d 1972-
|4 red
|4 pht
|9 108088
|
| 700 |
1 |
|
|a Zimen, Peter
|4 pht
|9 331665
|
| 700 |
1 |
|
|a Strojný, Peter
|4 clb
|9 621617
|
| 700 |
1 |
|
|a Straka, Tomáš,
|d 1978-
|4 clb
|9 254768
|
| 919 |
|
|
|a 978-80-973789-9-8
|
| 954 |
|
|
|a duchovná literatúra pôvodná (slovenská)
|2 lita
|
| 958 |
|
|
|a NT
|
| 958 |
|
|
|a LX
|
| 999 |
|
|
|c 955423
|d 957353
|
| 952 |
|
|
|a SNK
|b SNK
|y PREZ
|7 0
|p 17A1469393
|o snkSD 90363
|i snk2021/18550
|8 0
|0 0
|1 0
|4 0
|d 2021-11-18
|f 1
|l 0
|r 2026-02-24 10:01:35
|w 2026-02-24
|
| 952 |
|
|
|a SNK
|b SNK
|y VYP
|7 0
|p 17A1469394
|o snkSD 90363 D1
|i snk2021/18551
|8 0
|0 0
|1 0
|4 0
|d 2021-11-18
|l 0
|r 2026-02-24 10:01:35
|w 2026-02-24
|